সরকার ঘোড়াঘাট : (Record no. 34469)

MARC details
000 -LEADER
fixed length control field 00990nam a22002297a 4500
003 - CONTROL NUMBER IDENTIFIER
control field BDDh-ASL
005 - DATE AND TIME OF LATEST TRANSACTION
control field 20231204102559.0
008 - FIXED-LENGTH DATA ELEMENTS--GENERAL INFORMATION
fixed length control field 231204s2023 bg ||||| |||| 00| 0 ben d
040 ## - CATALOGING SOURCE
Original cataloging agency BDDh-ASL
Transcribing agency BDDh-ASL
041 ## - LANGUAGE CODE
Language code of text/sound track or separate title ben
082 ## - DEWEY DECIMAL CLASSIFICATION NUMBER
Classification number 930.15492
Item number ISS
100 1# - MAIN ENTRY--PERSONAL NAME
Personal name ইসলাম, এ. টি. এম. রফিকুল
9 (RLIN) 8365
245 10 - TITLE STATEMENT
Title সরকার ঘোড়াঘাট :
Remainder of title ইতিহাস ও স্থাপত্যকীর্তি (১২০৪-১৭৭২) /
Statement of responsibility, etc. by এ. টি. এম. রফিকুল
246 ## - VARYING FORM OF TITLE
Title proper/short title Sarkar GhoraGhat: Itihas O Sthapattakirti (1204-1772) by A. T. M. Rafiqul Islam
260 ## - PUBLICATION, DISTRIBUTION, ETC.
Place of publication, distribution, etc. Dhaka:
Name of publisher, distributor, etc. Asiatic Society of Bangladesh,
Date of publication, distribution, etc. 2023.
300 ## - PHYSICAL DESCRIPTION
Extent p. 384 :
Other physical details ills. ;
Dimensions 25 cm.
440 ## - SERIES STATEMENT/ADDED ENTRY--TITLE
Title Asiatic Society of Bangladesh publication;
9 (RLIN) 312
Volume/sequential designation no. 151
504 ## - BIBLIOGRAPHY, ETC. NOTE
Bibliography, etc. note Includes bibliographical references and index.
650 #0 - SUBJECT ADDED ENTRY--TOPICAL TERM
Topical term or geographic name entry element Bengal History
9 (RLIN) 981
650 #0 - SUBJECT ADDED ENTRY--TOPICAL TERM
Topical term or geographic name entry element Archaeology
General subdivision History
-- Heritage
Geographic subdivision Bangladesh
9 (RLIN) 444
942 ## - ADDED ENTRY ELEMENTS (KOHA)
Source of classification or shelving scheme Dewey Decimal Classification
Koha item type Books
Holdings
Withdrawn status Lost status Source of classification or shelving scheme Damaged status Not for loan Collection code Home library Current library Shelving location Date acquired Source of acquisition Serial Enumeration / chronology Total Checkouts Full call number Barcode Date last seen Copy number Price effective from Koha item type Public note
    Dewey Decimal Classification     Non-fiction Asiatic Society Library Asiatic Society Library General Stacks 12/04/2023 ASB Publications ASP-151   930.15492 ISS 125230 12/04/2023 C-1 12/04/2023 Books Y-2023
    Dewey Decimal Classification     Non-fiction Asiatic Society Library Asiatic Society Library General Stacks 12/04/2023 ASB Publications ASP-151   930.15492 ISS 125231 12/04/2023 C-2 12/04/2023 Books Y-2023
    Dewey Decimal Classification     Non-fiction Asiatic Society Library Asiatic Society Library General Stacks 12/04/2023 ASB Publications ASP-151   930.15492 ISS 125232 12/04/2023 C-3 12/04/2023 Books Y-2023
    Dewey Decimal Classification     Non-fiction Asiatic Society Library Asiatic Society Library General Stacks 12/04/2023 ASB Publications ASP-151   930.15492 ISS 125233 12/04/2023 C-4 12/04/2023 Books Y-2023
    Dewey Decimal Classification     Non-fiction Asiatic Society Library Asiatic Society Library General Stacks 12/04/2023 ASB Publications ASP-151   930.15492 ISS 125234 12/04/2023 C-5 12/04/2023 Books Y-2023

Powered by Koha